000 00722nam a2200205 4500
001 111092
003 ES-MaACL
005 20230906185234.0
007 t|
008 061121s1970 sp r ||||1| spa d
100 1 _aNaville, Pierre.
_985234
245 1 3 _aLa psicología del comportamiento
_b: el behaviorismo de Watson /
_cPierre Naville; lo tradujo al castellano Nemesio Moretón López.
260 _aMadrid :
_bGuadarrama,
_c1970.
300 _a252 p. ;
_c18 cm.
490 1 _aUniversitaria de bolsillo. Punto Omega ;
_v103
700 1 _aMoretón López, Nemesio.
_983483
830 0 _aUniversitaria de bolsillo. Punto Omega ;
_v103
_9233048
852 _aES-MaACL
_jC-49194
_bR.74758
999 _c111092
_d111092